000 00318nam a22001337a 4500
008 171010b xxu||||| |||| 00| 0 eng d
020 _a9780618705917
041 _aeng
080 _a316
100 _a50
101 _aSOC
245 _aREXERARCH METHODS FOR BEHAVIRAL SCIENCES
_cSTANGONR.CH
942 _2udc
_cBK
999 _c33007
_d33007